|
|
|
|
| LEADER |
00717nam a22002292a 4500 |
| 001 |
000124586 |
| 003 |
CZ BrMZK |
| 005 |
20210526141155.0 |
| 007 |
ta |
| 008 |
040716s1977 xo f |||| 0 slo d |
| 040 |
|
|
|a ABA001
|b cze
|c ABA001
|d ABA001
|d BOA001
|
| 100 |
1 |
|
|a Prachár, Juraj
|7 jx20040616051
|4 aut
|
| 245 |
1 |
0 |
|a Reklama /
|c Juraj Prachár
|
| 250 |
|
|
|a 1. vyd.
|
| 260 |
|
|
|a Bratislava :
|b Vysoká škola ekonomická, Obchodná fakulta,
|c 1977
|
| 300 |
|
|
|a 167 s. ;
|c 8°
|
| 490 |
1 |
|
|a Vysokoškolské skriptá
|
| 830 |
|
0 |
|a Vysokoškolské skriptá
|
| 910 |
|
|
|a BOA001
|b 2-0781.180
|
| 990 |
|
|
|a BK
|
| 991 |
|
|
|b 202105
|
| 996 |
7 |
|
|b 2619974654
|c 2-0781.180
|l MZK
|r Sklad / do 1 hodiny
|n 16
|w 000124586
|u 000010
|a 1
|e BOA001
|j MZK50
|s A
|